Our elder brethren : (Record no. 24074)
[ view plain ]
| 000 -LEADER | |
|---|---|
| fixed length control field | 00803nam a22002292a 4500 |
| 001 - CONTROL NUMBER | |
| control field | 24074 |
| 003 - CONTROL NUMBER IDENTIFIER | |
| rucl marc code | bd-rjul |
| 005 - DATE AND TIME OF LATEST TRANSACTION | |
| control field | 20211209001015.0 |
| 008 - FIXED-LENGTH DATA ELEMENTS--GENERAL INFORMATION | |
| fixed length control field | 140312s1934 ii 000 0 eng d |
| 035 ## - SYSTEM CONTROL NUMBER | |
| System control number | (bd-rjul)24140 |
| 040 ## - CATALOGING SOURCE | |
| Original cataloging agency | MUB |
| Transcribing agency | MUB |
| Modifying agency | OCL |
| -- | EQO |
| Language of cataloging | eng |
| 041 ## - LANGUAGE CODE | |
| Language code of text/sound track or separate title | eng |
| 082 ## - DEWEY DECIMAL CLASSIFICATION NUMBER | |
| Classification number | 922 |
| Author mark and year | OUR 1934 |
| 090 ## - LOCALLY ASSIGNED LC-TYPE CALL NUMBER (OCLC); LOCAL CALL NUMBER (OCLC) | |
| Classification number (OCLC) (R) ; Classification number, CALL (RLIN) (NR) | BP563 |
| Local cutter number (OCLC) ; Book number/undivided call number, CALL (RLIN) | .O874 |
| 100 1# - MAIN ENTRY--PERSONAL NAME | |
| Personal name | Besant, Annie, |
| Dates associated with a name | 1847-1933. |
| 9 (RLIN) | 74165 |
| 245 10 - TITLE STATEMENT | |
| Title | Our elder brethren : |
| Remainder of title | the Great Ones in the world's service. / |
| Statement of responsibility, etc. | Edited by Annie Besant |
| 260 ## - PUBLICATION, DISTRIBUTION, ETC. (IMPRINT) | |
| Place of publication, distribution, etc. | Madras, India : |
| Name of publisher, distributor, etc. | Theosophical Publishing House, [label: sold by Theosophical Press, Wheaton, Ill.], |
| Date of publication, distribution, etc. | 1934. |
| 300 ## - PHYSICAL DESCRIPTION | |
| Pagination | 177 p. ; |
| Size | 16 CM. |
| 650 #0 - SUBJECT ADDED ENTRY--TOPICAL TERM | |
| Topical term or geographic name as entry element | Religious thought |
| 9 (RLIN) | 74167 |
| 856 41 - ELECTRONIC LOCATION AND ACCESS | |
| Materials specified | Bodleian Library 9419 e.609 |
| Uniform Resource Identifier | <a href="http://purl.ox.ac.uk/uuid/bcb8786f4b59449b8a7a243b77e64f46">http://purl.ox.ac.uk/uuid/bcb8786f4b59449b8a7a243b77e64f46</a> |
| 942 ## - ADDED ENTRY ELEMENTS (KOHA) | |
| Source of classification or shelving scheme | Dewey Decimal Classification |
| Koha item type | Books |
| Lost status | Source of classification or shelving scheme | Damaged status | Not for loan | Collection code | Permanent Location | Current Location | Shelving location | Date acquired | Source of acquisition | Cost, normal purchase price | Total Checkouts | Full call number | Date last seen | Copy number | Koha item type |
|---|---|---|---|---|---|---|---|---|---|---|---|---|---|---|---|
| Dewey Decimal Classification | Added to bundle | Non-fiction | Central Library, University of Rajshahi | Central Library, University of Rajshahi | Reading Room | 22/01/1963 | G.M. Hilali | 0.00 | 922 OUR 1934 | 12/03/2014 | C-1 | Books |